000 01401nam a2200325 i 4500
001 000003683
003 DO-SdBNP
005 20251031082939.0
007 ta
008 090713s2002 sp 001 0 spa d
020 _a8484271803
040 _aDO-SdBNP
_bspa
_cBNPHU
_erda
041 _aspa
082 4 _a340.57
_bC749d
_222
111 1 _aCongreso Internacional de Historia del Derecho Indiano
_n(12 :
_d1998 :
_cToledo, España)
_911274
_4aut.
_eautor
245 1 0 _aDerecho y administración pública en las indias hispánicas :
_bactas del XII Congreso Internacional /
_ccoordinador, Feliciano Barrios Pintado.
264 1 _aCastilla-La Mancha, España :
_bUniversidad de Castilla-La Mancha ;
_bCortes de Castilla- La Mancha,
_c2002.
300 _a2 volúmenes ;
_c25 cm.
336 _atexto
_btxt
_2rdacontent
337 _asin mediación
_bn
_2rdamedia
338 _avolumen
_bnc
_2rdacarrier
490 0 _aInstitucionales
_v20
500 _aIncluye referencias bibliográficas y notas al pie de las páginas.
590 _aInventariado, 2024/BT
650 4 _aDerecho colonial español
_zAmérica
_vCongresos, conferencias, etc.
_911275
651 0 _aAmérica Latina
_xAdministración pública
_xHistoria
_ySiglo XVI-XIX
_vCongresos, conferencias, etc.
_94092
700 1 _aBarrios Pintado, Feliciano,
_ecoordinador
_911277
_4coord.
910 _aValidado. Control de calidad EMS
942 _2ddc
_cLBS1
999 _c3505
_d3505